[Event "21ème open inter de La Réunion"]
[Site "Salle des fêtes de Bellepierre"]
[Date "2019.10.20"]
[Round "9.11"]
[White "Desire, Michael"]
[Black "Fondrat, Johan"]
[Result "1-0"]
[WhiteElo "1652"]
[BlackElo "1541"]
[PlyCount "71"]
[EventDate "2019.??.??"]

1. e4 e5 2. d4 exd4 3. Qxd4 Nc6 4. Qe3 Nf6 5. Bd2 Be7 6. Nc3 d5 7. exd5 Nb4 8.
O-O-O Nbxd5 9. Qg3 Be6 10. Nge2 Qd6 11. Bf4 Qc5 12. Be5 O-O-O 13. Bd4 Nxc3 14.
Qxc3 Qxc3 15. Nxc3 c5 16. Be5 Rxd1+ 17. Nxd1 Rd8 18. Be2 Bxa2 19. b3 c4 20.
Bxc4 Ba3+ 21. Bb2 Bd6 22. g3 Ne4 23. f3 Ng5 24. Rf1 Bb4 25. Nc3 Bxc3 26. Bxc3
Rd6 27. Kb2 Rc6 28. Bd2 Ne6 29. Kxa2 b5 30. Bd3 Nc5 31. Bxb5 Rd6 32. Bb4 Rb6
33. Bxc5 Rxb5 34. Bd4 g6 35. Kb2 a5 36. Ra1 1-0

[Event "21ème open inter de La Réunion"]
[Site "Salle des fêtes de Bellepierre"]
[Date "2019.10.20"]
[Round "9.12"]
[White "Bah, Ismael"]
[Black "Padre, Maxime"]
[Result "1-0"]
[WhiteElo "1660"]
[BlackElo "1512"]
[PlyCount "115"]
[EventDate "2019.??.??"]

1. c4 e6 2. Nc3 b6 3. Nf3 Bb7 4. e3 Nf6 5. d4 Bb4 6. Bd2 O-O 7. Be2 d6 8. O-O
Nbd7 9. a3 Bxc3 10. Bxc3 Ne4 11. Rc1 f5 12. Nd2 Ndf6 13. f3 Nxd2 14. Qxd2 Qe8
15. Qe1 Qh5 16. Qf2 g5 17. Qg3 Kh8 18. c5 Nd5 19. cxd6 f4 20. exf4 gxf4 21. Qg4
Qxg4 22. fxg4 cxd6 23. Bd2 Rac8 24. Bf3 Ba6 25. Rxc8 Rxc8 26. Rc1 Rxc1+ 27.
Bxc1 Ne3 28. Kf2 Nc2 29. Bxf4 Nxd4 30. Bxd6 Nxf3 31. gxf3 Bb7 32. f4 Kg8 33.
Ke3 Kf7 34. h4 b5 35. Be5 Bd5 36. b4 Ke7 37. f5 Kd7 38. f6 Ke8 39. Kf4 Kf7 40.
Bd4 a6 41. Ke5 Bc4 42. Kd6 Bb3 43. Kc6 Bd1 44. g5 Bb3 45. Kb6 Ba4 46. Kxa6 Kg6
47. Kb6 Kf7 48. Kc6 Kg6 49. Kd6 Kf7 50. h5 Bd1 51. a4 bxa4 52. b5 Bf3 53. Kc7
a3 54. b6 a2 55. b7 Bxb7 56. Kxb7 Ke8 57. Kc7 Kf7 58. Kd7 1-0

[Event "21ème open inter de La Réunion"]
[Site "Salle des fêtes de Bellepierre"]
[Date "2019.10.20"]
[Round "9.13"]
[White "Dace, Jean Emeric"]
[Black "Folio, Thomas"]
[Result "1/2-1/2"]
[WhiteElo "1654"]
[BlackElo "1199"]
[PlyCount "107"]
[EventDate "2019.??.??"]

1. Nf3 d5 2. b3 e6 3. Bb2 c5 4. e3 Nf6 5. Be2 Nc6 6. O-O Bd6 7. c4 O-O 8. d4
dxc4 9. Bxc4 Qe7 10. dxc5 Bxc5 11. a3 a6 12. Qc2 b5 13. Ng5 g6 14. Be2 Bb7 15.
Nd2 Bb6 16. Qc3 e5 17. f4 exf4 18. Kh1 Bxe3 19. Ndf3 Kg7 20. Ne4 Nd4 21. Nxd4
Bxe4 22. Nf3 Rac8 23. Qe1 Rfd8 24. Ng5 Rc6 25. Qh4 h5 26. Nxe4 Qxe4 27. Bf3 Qc2
28. Bxc6 Qxb2 29. h3 Rd6 30. Bf3 Rd2 31. b4 Rc2 32. Qg5 Bc1 33. Raxc1 Rxc1 34.
Rxc1 Qxc1+ 35. Kh2 Qxa3 36. Qxf4 a5 37. bxa5 Qxa5 38. Qe5 Qb6 39. Bd1 Qe6 40.
Qd4 Kh7 41. Bc2 Ne8 42. Qf2 Qe5+ 43. g3 Nd6 44. Kg2 Kg7 45. Qf3 Nf5 46. Bxf5
Qxf5 47. Qc3+ f6 48. Qc7+ Kh6 49. h4 Qd5+ 50. Kh2 Qa2+ 51. Kh3 Qe6+ 52. Kg2
Qe2+ 53. Kg1 Qe1+ 54. Kg2 1/2-1/2

[Event "21ème open inter de La Réunion"]
[Site "Salle des fêtes de Bellepierre"]
[Date "2019.10.20"]
[Round "9.14"]
[White "Leliboux, Thais"]
[Black "Pun Chung, Leo"]
[Result "0-1"]
[WhiteElo "1181"]
[BlackElo "1654"]
[PlyCount "110"]
[EventDate "2019.??.??"]

1. d4 Nf6 2. Nf3 g6 3. Nc3 Bg7 4. e4 d6 5. Bf4 Nbd7 6. e5 dxe5 7. Bxe5 O-O 8.
Bc4 c6 9. O-O b5 10. Bd3 Bb7 11. Ne4 Qb6 12. c3 Nxe5 13. Nxe5 Nxe4 14. Bxe4
Rad8 15. Qf3 Bxe5 16. dxe5 Rd2 17. b4 Bc8 18. Bxc6 Rfd8 19. Be4 Be6 20. a3 Bd5
21. Bxd5 R8xd5 22. Rfe1 Qc7 23. Rac1 Rxe5 24. Rxe5 Qxe5 25. Qa8+ Kg7 26. Qxa7
Rc2 27. Rd1 Rxc3 28. h3 e6 29. a4 Rb3 30. axb5 Rxb4 31. b6 Qe2 32. Rd7 Rb1+ 33.
Kh2 Qxf2 34. Qb7 Qf4+ 35. g3 Rb2+ 36. Qg2 Rxg2+ 37. Kxg2 Qe4+ 38. Kf1 Qb1+ 39.
Kg2 Qxb6 40. Rd2 e5 41. Re2 Qd4 42. g4 e4 43. Kf1 Qd3 44. Kf2 Qf3+ 45. Ke1 e3
46. Rh2 Qg3+ 47. Ke2 Qxh2+ 48. Kxe3 Kf6 49. Kf3 Ke5 50. h4 Qh3+ 51. Kf2 Kf4 52.
g5 Qe3+ 53. Kg2 Qg3+ 54. Kf1 Kf3 55. h5 Qf2# 0-1

[Event "21ème open inter de La Réunion"]
[Site "Salle des fêtes de Bellepierre"]
[Date "2019.10.20"]
[Round "9.15"]
[White "Rajaobelina, Hery"]
[Black "Ova, Roberto"]
[Result "1-0"]
[WhiteElo "1625"]
[BlackElo "1328"]
[PlyCount "59"]
[EventDate "2019.??.??"]

1. e4 c5 2. Nf3 d6 3. c3 Nf6 4. Be2 Nc6 5. d3 e5 6. O-O h6 7. Re1 Be7 8. Na3 d5
9. exd5 Nxd5 10. Nc4 Qc7 11. h3 O-O 12. Bf1 Bf6 13. Ne3 Nce7 14. Nc4 Ng6 15.
Ncd2 Be7 16. d4 exd4 17. cxd4 Be6 18. dxc5 Bxc5 19. Nb3 Bb6 20. Bd2 Rad8 21.
Qe2 Qg3 22. Nbd4 Bxd4 23. Nxd4 Qd6 24. Nxe6 fxe6 25. g3 Rc8 26. Qd1 Qb6 27. Qe2
Rc6 28. Rac1 Ne5 29. Rxc6 Nf3+ 30. Qxf3 1-0

[Event "21ème open inter de La Réunion"]
[Site "Salle des fêtes de Bellepierre"]
[Date "2019.10.20"]
[Round "9.16"]
[White "Folio, Raphael"]
[Black "Eric Andriana, Fitia"]
[Result "1/2-1/2"]
[WhiteElo "1440"]
[BlackElo "1325"]
[PlyCount "66"]
[EventDate "2019.??.??"]

1. d4 Nf6 2. Nf3 g6 3. e3 Bg7 4. Be2 O-O 5. c4 d6 6. Nbd2 Nc6 7. a3 a5 8. b3 e5
9. e4 Re8 10. Bb2 b6 11. O-O Bb7 12. d5 Ne7 13. Ng5 h6 14. Nh3 Bc8 15. f4 Bxh3
16. gxh3 exf4 17. Rxf4 Nh5 18. Bxh5 Bxb2 19. Ra2 Be5 20. Rg4 Kh8 21. Bxg6 Nxg6
22. Qf3 Qf6 23. Qe2 Rg8 24. Nf3 Nf4 25. Qf1 Rxg4+ 26. hxg4 Rg8 27. h3 h5 28.
Rh2 Bd4+ 29. Kh1 Ng6 30. g5 Qf4 31. Qd1 Qxe4 32. Qxd4+ Qxd4 33. Nxd4 Ne5
1/2-1/2

[Event "21ème open inter de La Réunion"]
[Site "Salle des fêtes de Bellepierre"]
[Date "2019.10.20"]
[Round "9.17"]
[White "Weber, Richard"]
[Black "Folio, Pierre"]
[Result "1/2-1/2"]
[WhiteElo "1486"]
[BlackElo "1246"]
[PlyCount "82"]
[EventDate "2019.??.??"]

1. Nf3 d5 2. b4 e6 3. a3 c5 4. b5 c4 5. c3 Nf6 6. d4 cxd3 7. exd3 Bc5 8. d4 Bb6
9. a4 Ba5 10. Ba3 Ne4 11. Qb3 Qc7 12. Bb4 Bxb4 13. Qxb4 Nd7 14. Be2 Ndf6 15. c4
Ng4 16. O-O dxc4 17. h3 h5 18. hxg4 hxg4 19. Ne5 f6 20. Qxc4 Qxc4 21. Nxc4 g3
22. Bf3 Nxf2 23. Rxf2 gxf2+ 24. Kxf2 Rb8 25. Nbd2 b6 26. Rc1 Ke7 27. Ne3 Rd8
28. Rc7+ Rd7 29. Rxd7+ Bxd7 30. d5 Rc8 31. dxe6 Bxe6 32. Bc6 Rd8 33. Nf3 g6 34.
Be4 f5 35. Bc2 Kf6 36. g3 g5 37. Ke1 g4 38. Nh4 Re8 39. Kf2 Rd8 40. Ke1 Re8 41.
Kf2 Rd8 1/2-1/2

[Event "21ème open inter de La Réunion"]
[Site "Salle des fêtes de Bellepierre"]
[Date "2019.10.20"]
[Round "9.18"]
[White "Gallais, Flavien"]
[Black "Eboue, Yuri"]
[Result "0-1"]
[WhiteElo "1236"]
[BlackElo "1310"]
[PlyCount "80"]
[EventDate "2019.??.??"]

1. e4 c6 2. d4 d5 3. exd5 cxd5 4. Bd3 Nf6 5. c3 Bg4 6. Bb5+ Nc6 7. Nf3 e6 8.
Bg5 Be7 9. Nbd2 a6 10. Ba4 Ne4 11. Bxe7 Qxe7 12. Qc2 Nxd2 13. Nxd2 Bf5 14.
Bxc6+ bxc6 15. Qa4 Qc7 16. h3 O-O 17. O-O Rfc8 18. b4 Qf4 19. Nb3 Qg5 20. g4
Be4 21. Nc5 Bf3 22. Nd7 Qh4 23. Ne5 Qxh3 24. Nxf3 Qxf3 25. Rfe1 Qxg4+ 26. Kf1
Qh3+ 27. Ke2 Qxc3 28. Red1 a5 29. Rac1 axb4 30. Qxa8 Rxa8 31. Rxc3 bxc3 32. Kd3
Rxa2 33. Rb1 g6 34. Kxc3 Rxf2 35. Rb6 Rf1 36. Kd2 h5 37. Rxc6 h4 38. Rc3 Kg7
39. Ke2 Rf5 40. Rh3 g5 0-1

[Event "21ème open inter de La Réunion"]
[Site "Salle des fêtes de Bellepierre"]
[Date "2019.10.20"]
[Round "9.19"]
[White "Grondin, Marine"]
[Black "Mablouke, Ulrich"]
[Result "1-0"]
[WhiteElo "1478"]
[BlackElo "1433"]
[PlyCount "55"]
[EventDate "2019.??.??"]

1. e4 c6 2. d4 d5 3. exd5 Qxd5 4. Nc3 Qa5 5. Bd3 Nf6 6. h3 h6 7. Nf3 e6 8. Bd2
Qc7 9. Qe2 Nbd7 10. a3 Bd6 11. Be3 Nb6 12. Ne4 Nxe4 13. Bxe4 Nd5 14. Bd2 Nf6
15. Bd3 Bd7 16. Ne5 Bc8 17. c4 Be7 18. Qf3 Bd7 19. Bc3 O-O 20. O-O Ne8 21. Qe4
Nf6 22. Qf3 Bd6 23. Rfe1 Ne8 24. Qe4 Nf6 25. Qf3 Rad8 26. Bc2 Ne8 27. Qd3 Nf6
28. Ng4 1-0

[Event "21ème open inter de La Réunion"]
[Site "Salle des fêtes de Bellepierre"]
[Date "2019.10.20"]
[Round "9.20"]
[White "Vaast, Jean"]
[Black "Aujoulat, Fabrice"]
[Result "1-0"]
[WhiteElo "1355"]
[BlackElo "1400"]
[PlyCount "76"]
[EventDate "2019.??.??"]

1. b4 e5 2. Bb2 Nc6 3. b5 Nd4 4. e3 Nf5 5. Bxe5 d6 6. Bb2 a6 7. a4 Bd7 8. c4
axb5 9. axb5 Be7 10. Rxa8 Qxa8 11. Nc3 b6 12. Qa1 Qxa1+ 13. Bxa1 Nf6 14. Nf3 h6
15. Be2 O-O 16. O-O Bd8 17. Bb2 Nh7 18. Ra1 Bf6 19. Ra7 Rc8 20. d4 Be8 21. e4
Nh4 22. Nd5 Nxf3+ 23. Bxf3 Bd8 24. Bg4 Rb8 25. Nxc7 Bxc7 26. Rxc7 Nf6 27. Bf3
g6 28. h3 h5 29. e5 dxe5 30. dxe5 Nd7 31. h4 Nc5 32. Ba3 Ne6 33. Bd6 Ra8 34.
Bxa8 Nxc7 35. Bxc7 Kg7 36. Bxb6 f5 37. Bc6 Bf7 38. Bd5 Be8 1-0

[Event "21ème open inter de La Réunion"]
[Site "Salle des fêtes de Bellepierre"]
[Date "2019.10.20"]
[Round "9.21"]
[White "Fondrat, Thierry"]
[Black "Bosi-Lagarde, Arthur"]
[Result "1-0"]
[WhiteElo "1358"]
[BlackElo "1100"]
[PlyCount "53"]
[EventDate "2019.??.??"]

1. d4 e6 2. c4 b6 3. Nf3 Bb7 4. g3 Bb4+ 5. Nbd2 Nf6 6. Bg2 Nc6 7. e3 Ba6 8. b3
Bc3 9. Rb1 Ne4 10. Ne5 Nxd2 11. Bxd2 Bxd2+ 12. Qxd2 Bb7 13. b4 Rb8 14. O-O O-O
15. Nxc6 Bxc6 16. d5 exd5 17. cxd5 Bb5 18. Rfc1 d6 19. Qc2 Rb7 20. a4 Bd7 21.
b5 Rb8 22. Rb4 Re8 23. Rc4 Re7 24. Rxc7 Rc8 25. Rxc8 Qxc8 26. Qxc8+ Bxc8 27.
Rxc8+ 1-0

[Event "21ème open inter de La Réunion"]
[Site "Salle des fêtes de Bellepierre"]
[Date "2019.10.20"]
[Round "9.22"]
[White "Sandjivy, Jean Marc"]
[Black "Mohamed, Keziah"]
[Result "1-0"]
[WhiteElo "1218"]
[BlackElo "1033"]
[PlyCount "51"]
[EventDate "2019.??.??"]

1. c4 e6 2. Nc3 d5 3. e3 Nf6 4. a3 Be7 5. d4 O-O 6. Nf3 c6 7. Be2 Nbd7 8. O-O
b6 9. Qd3 Bb7 10. Bd1 Qc7 11. Bc2 g6 12. Re1 c5 13. b3 Ne4 14. Bb2 Rac8 15.
Rab1 Bf6 16. Nd2 Nxc3 17. Bxc3 Ba6 18. e4 cxd4 19. Bxd4 Bxd4 20. Qxd4 dxc4 21.
bxc4 Rfd8 22. Qe3 Bxc4 23. Rbc1 Qd6 24. Red1 Ne5 25. Nxc4 Nxc4 26. Rxd6 1-0

[Event "21ème open inter de La Réunion"]
[Site "Salle des fêtes de Bellepierre"]
[Date "2019.10.20"]
[Round "9.23"]
[White "Cavillot-Delestage, Raphael"]
[Black "Naquin, Miguel"]
[Result "1-0"]
[WhiteElo "1056"]
[BlackElo "1009"]
[PlyCount "49"]
[EventDate "2019.??.??"]

1. e4 e5 2. Nf3 Nc6 3. Bc4 Bc5 4. c3 Na5 5. Bb5 c6 6. Ba4 b5 7. Bc2 d6 8. b4
Bb6 9. bxa5 Bxa5 10. d3 Bg4 11. h3 Bxf3 12. Qxf3 Nf6 13. Bg5 h6 14. Bh4 c5 15.
O-O a6 16. Qg3 Qe7 17. Qxg7 Rh7 18. Qxf6 Qxf6 19. Bxf6 h5 20. f4 exf4 21. Rxf4
Bc7 22. Bh4 d5 23. e5 Bxe5 24. d4 Bxf4 25. Bxh7 1-0

[Event "21ème open inter de La Réunion"]
[Site "Salle des fêtes de Bellepierre"]
[Date "2019.10.20"]
[Round "9.24"]
[White "Alex-Geerjanan, Nils"]
[Black "Khantalina, Ilariya"]
[Result "1-0"]
[WhiteElo "1009"]
[BlackElo "1009"]
[PlyCount "61"]
[EventDate "2019.??.??"]

1. e4 e5 2. Nf3 Nc6 3. Bc4 Nd4 4. Nxe5 d6 5. Nxf7 Qe7 6. Nxh8 Be6 7. Bxe6 Nxe6
8. d3 O-O-O 9. Nc3 Nf6 10. Nd5 Nxd5 11. exd5 Nd4+ 12. Be3 Nf5 13. O-O Nxe3 14.
fxe3 Qxe3+ 15. Kh1 Qd4 16. Nf7 Re8 17. Re1 Re7 18. Rxe7 Bxe7 19. Qe2 Qf6 20.
Qg4+ Kb8 21. Ng5 Qxb2 22. Rf1 b6 23. Ne6 Bf6 24. Nxg7 Bxg7 25. h4 Bc3 26. Qc4
Kb7 27. Qc6+ Ka6 28. Rf4 Qa3 29. Ra4+ Qxa4 30. Qxa4+ Ba5 31. g4 1-0

[Event "21ème open inter de La Réunion"]
[Site "Salle des fêtes de Bellepierre"]
[Date "2019.10.20"]
[Round "9.25"]
[White "Erudel, Irina"]
[Black "Sandjivy, Yann"]
[Result "0-1"]
[WhiteElo "1009"]
[BlackElo "1120"]
[PlyCount "52"]
[EventDate "2019.??.??"]

1. e4 e5 2. Nf3 Nc6 3. Bc4 Nf6 4. Nc3 Bc5 5. O-O d6 6. a3 Bg4 7. h3 Bh5 8. b4
Bb6 9. Nd5 Nxe4 10. d3 Nf6 11. b5 Nd4 12. Qd2 Bxf3 13. Qg5 Nxd5 14. Qxg7 Qf6
15. Bh6 Ne2+ 16. Kh1 Bd4 17. Rae1 Bc3 18. Rb1 O-O-O 19. Bxd5 Qf5 20. Bxf7 e4
21. d4 Bxd4 22. Be6+ Qxe6 23. Qg5 Rhg8 24. Qd2 Be5 25. Be3 Rxg2 26. Qa5 Rg1#
0-1

[Event "21ème open inter de La Réunion"]
[Site "Salle des fêtes de Bellepierre"]
[Date "2019.10.20"]
[Round "7.1"]
[White "Lorans, Sylvain"]
[Black "Hercules, Benjamin Vincent"]
[Result "1-0"]
[WhiteElo "2116"]
[BlackElo "2182"]
[PlyCount "84"]
[EventDate "2019.??.??"]

1. d4 Nf6 2. c4 c6 3. Nf3 d5 4. Nc3 e6 5. Bg5 h6 6. Bxf6 Qxf6 7. e4 dxe4 8.
Nxe4 Bb4+ 9. Nc3 O-O 10. a3 Bxc3+ 11. bxc3 c5 12. Bd3 Nc6 13. Bc2 Rd8 14. Qd3
cxd4 15. cxd4 Nxd4 16. O-O-O Nc6 17. Qh7+ Kf8 18. Rxd8+ Nxd8 19. Rd1 Nc6 20.
Ba4 Qc3+ 21. Kb1 Qxa3 22. Bxc6 Qb3+ 23. Kc1 Qxc4+ 24. Kb2 Qb4+ 25. Kc2 Qc5+ 26.
Kd2 bxc6 27. Ke1 Qc3+ 28. Rd2 Bb7 29. Nd4 Qa1+ 30. Rd1 Qa5+ 31. Kf1 Qe5 32. Nf3
Qf6 33. Kg1 c5 34. Ne1 Qg6 35. Qxg6 fxg6 36. Rd7 Bd5 37. Nd3 a5 38. Nf4 a4 39.
Nxd5 exd5 40. Rxd5 a3 41. Rd1 a2 42. Ra1 Rb8 1-0

[Event "21ème open inter de La Réunion"]
[Site "Salle des fêtes de Bellepierre"]
[Date "2019.10.20"]
[Round "7.2"]
[White "Hamon, Christian"]
[Black "Rodier, David"]
[Result "0-1"]
[WhiteElo "2001"]
[BlackElo "2161"]
[PlyCount "48"]
[EventDate "2019.??.??"]

1. Nf3 d5 2. g3 c6 3. Bg2 Bg4 4. d4 Nd7 5. Nbd2 Ngf6 6. O-O e6 7. b3 a5 8. a3
Bd6 9. Bb2 h5 10. Ne5 Bf5 11. Nxd7 Qxd7 12. Nf3 O-O-O 13. Ne5 Qc7 14. b4 h4 15.
Qe1 hxg3 16. hxg3 Bxe5 17. dxe5 Ng4 18. e4 dxe4 19. Bxe4 Nh2 20. Qe3 Nxf1 21.
Rxf1 Bxe4 22. Qxe4 Qd7 23. c4 Qd3 24. Qxd3 Rxd3 0-1

[Event "21ème open inter de La Réunion"]
[Site "Salle des fêtes de Bellepierre"]
[Date "2019.10.20"]
[Round "7.4"]
[White "Roblet, Charles"]
[Black "Randriambololona, Herimanjatosoa"]
[Result "1/2-1/2"]
[WhiteElo "2063"]
[BlackElo "1886"]
[PlyCount "100"]
[EventDate "2019.??.??"]

1. e4 e5 2. f4 exf4 3. Nf3 g5 4. d4 d6 5. Nc3 Bg7 6. Bc4 Be6 7. Qd3 g4 8. Bxe6
fxe6 9. Qb5+ Qd7 10. Qh5+ Qf7 11. Qxg4 Nh6 12. Qxf4 Qxf4 13. Bxf4 O-O 14. Bxh6
Bxh6 15. Ke2 Nc6 16. a3 a6 17. Raf1 Rf7 18. Kd3 Raf8 19. Ne2 e5 20. d5 Ne7 21.
Ng3 Bf4 22. Nd2 Bxg3 23. hxg3 Rg7 24. Rxf8+ Kxf8 25. Rf1+ Ke8 26. Rf3 Ng8 27.
Nf1 Nh6 28. Ne3 Rg6 29. a4 Kd7 30. a5 Ke8 31. c4 Kd7 32. b4 Ke8 33. b5 Kd7 34.
bxa6 bxa6 35. Kd2 Ng4 36. Nf5 Nf6 37. Kd3 Rg4 38. Nh6 Rg6 39. Nf5 Rg4 40. Nxd6
cxd6 41. Rxf6 Rxg3+ 42. Rf3 Rxg2 43. Rf7+ Kc8 44. Ra7 Rg3+ 45. Kd2 h5 46. Rxa6
Kd7 47. Ra7+ Kc8 48. Rh7 Ra3 49. Rxh5 Rxa5 50. Rh7 Ra3 1/2-1/2

[Event "21ème open inter de La Réunion"]
[Site "Salle des fêtes de Bellepierre"]
[Date "2019.10.20"]
[Round "7.6"]
[White "Ramasindraibe, Girard"]
[Black "Quere, Alexandre"]
[Result "1-0"]
[WhiteElo "2150"]
[BlackElo "2042"]
[PlyCount "63"]
[EventDate "2019.??.??"]

1. e3 g6 2. h4 Bg7 3. h5 d5 4. d4 c5 5. Nc3 Nc6 6. Nge2 g5 7. dxc5 Qa5 8. Nd4
Qxc5 9. Ndb5 Bxc3+ 10. bxc3 Be6 11. Nc7+ Kd7 12. Nxa8 Nf6 13. Rb1 Rxa8 14.
Rxb7+ Ke8 15. Bb5 Bc8 16. Qd4 Qxb5 17. Rxb5 Nxd4 18. cxd4 Ba6 19. Ra5 Bc4 20.
f3 a6 21. Ba3 Rb8 22. Kd2 Nd7 23. Ra1 Bb5 24. Bc5 Nxc5 25. dxc5 Rc8 26. Rb1 Kd7
27. h6 Rc6 28. c4 Bxc4 29. Rb7+ Ke8 30. Rb6 Rxb6 31. cxb6 Kd7 32. Rc5 1-0

[Event "21ème open inter de La Réunion"]
[Site "Salle des fêtes de Bellepierre"]
[Date "2019.10.20"]
[Round "7.7"]
[White "Testud, Philippe"]
[Black "Goorsahye, Antoine"]
[Result "1-0"]
[WhiteElo "2140"]
[BlackElo "1786"]
[PlyCount "143"]
[EventDate "2019.??.??"]

1. d4 d5 2. Nf3 Nf6 3. e3 c6 4. Bd3 Bg4 5. Nbd2 e6 6. O-O Bd6 7. b3 Nbd7 8. Bb2
O-O 9. c4 e5 10. cxd5 Nxd5 11. Nc4 Bc7 12. h3 Bxf3 13. Qxf3 Re8 14. Rad1 Qg5
15. Be4 N5f6 16. Bb1 e4 17. Qe2 Re6 18. f4 exf3 19. Rxf3 Rae8 20. Bf5 R6e7 21.
Ba3 c5 22. Bxc5 Nxc5 23. dxc5 g6 24. Bc2 Ne4 25. Bxe4 Rxe4 26. Rd7 R4e7 27.
Rxe7 Rxe7 28. b4 b5 29. Nd2 Qe5 30. Qxb5 Qa1+ 31. Kf2 Qxa2 32. Qd3 Re8 33. Qe2
Rd8 34. Ne4 Qe6 35. Ng5 Qd5 36. Nxf7 Re8 37. Nh6+ Kg7 38. Ng4 Qb3 39. Qb5 Rd8
40. Qb7 Qc2+ 41. Kg1 Rd1+ 42. Rf1 Rxf1+ 43. Kxf1 Qd1+ 44. Kf2 Qd2+ 45. Kf3 Qd1+
46. Ke4 Qc2+ 47. Kd4 Qd2+ 48. Kc4 Qe2+ 49. Kb3 Qd1+ 50. Ka3 Qa1+ 51. Kb3 Qb1+
52. Ka4 Qd1+ 53. Kb5 Qd7+ 54. Kc4 Qf7+ 55. Qd5 Qf1+ 56. Qd3 Qf7+ 57. Kc3 Kf8
58. Qd4 h5 59. Ne5 Qe6 60. Nd3 Kg8 61. Qc4 Kf7 62. Qxe6+ Kxe6 63. e4 g5 64. g4
hxg4 65. hxg4 a6 66. Kc4 Bg3 67. b5 axb5+ 68. Kxb5 Kd7 69. Kb6 Bc7+ 70. Kb7 Bg3
71. e5 Ke6 72. c6 1-0

[Event "21ème open inter de La Réunion"]
[Site "Salle des fêtes de Bellepierre"]
[Date "2019.10.20"]
[Round "7.8"]
[White "Mezouaghi, Miloud"]
[Black "De Peindray D'Ambell, Philippe"]
[Result "1-0"]
[WhiteElo "2001"]
[BlackElo "1724"]
[PlyCount "53"]
[EventDate "2019.??.??"]

1. e4 c5 2. Nf3 g6 3. d4 cxd4 4. Nxd4 Nc6 5. c4 Nf6 6. Nc3 d6 7. Be2 Nxd4 8.
Qxd4 Bg7 9. Be3 O-O 10. Qd2 Be6 11. O-O Qa5 12. Rad1 Rfc8 13. b3 a6 14. Bd4 Qd8
15. h3 Qf8 16. f4 Ne8 17. f5 Bd7 18. Nd5 Bxd4+ 19. Qxd4 Rd8 20. Rd3 g5 21. f6
e5 22. Qf2 Bc6 23. Rg3 Bxd5 24. Rxg5+ Kh8 25. cxd5 Qh6 26. Rg4 Nc7 27. Bd3 1-0

[Event "21ème open inter de La Réunion"]
[Site "Salle des fêtes de Bellepierre"]
[Date "2019.10.20"]
[Round "7.9"]
[White "Dijoux, Julien"]
[Black "Torregrosa, Antoine"]
[Result "1-0"]
[WhiteElo "1891"]
[BlackElo "1501"]
[PlyCount "45"]
[EventDate "2019.??.??"]

1. d4 c5 2. e4 cxd4 3. c3 dxc3 4. Nxc3 Nc6 5. Nf3 d6 6. Bc4 Nf6 7. e5 dxe5 8.
Qxd8+ Nxd8 9. Nb5 Rb8 10. Nxe5 Ne6 11. Bxe6 Bxe6 12. Nc7+ Kd8 13. Nxe6+ fxe6
14. Nf7+ Ke8 15. Nxh8 g6 16. Bf4 Rd8 17. Ke2 Bg7 18. Nxg6 hxg6 19. Be5 Bh8 20.
Rhd1 Rc8 21. Bc3 Ne4 22. Rd3 b5 23. Rh3 1-0

[Event "21ème open inter de La Réunion"]
[Site "Salle des fêtes de Bellepierre"]
[Date "2019.10.20"]
[Round "7.10"]
[White "Evrin, Selvam"]
[Black "Frelicot, Eric"]
[Result "1-0"]
[WhiteElo "1788"]
[BlackElo "1609"]
[PlyCount "71"]
[EventDate "2019.??.??"]

1. e4 g6 2. h4 d6 3. Nc3 Nf6 4. d4 Bg7 5. Bc4 Nc6 6. f3 Bd7 7. Be3 a6 8. Nh3 b5
9. Bb3 Na5 10. e5 Nxb3 11. axb3 Ng8 12. f4 e6 13. Nf2 Ne7 14. g4 b4 15. Nce4
Nd5 16. Bd2 Bc6 17. h5 h6 18. hxg6 fxg6 19. Qf3 Kd7 20. Nd3 a5 21. Qe2 Qe7 22.
O-O-O a4 23. Nxb4 axb3 24. cxb3 Ra1+ 25. Kc2 Rxd1 26. Rxd1 Nxb4+ 27. Bxb4 Bxe4+
28. Qxe4 Rb8 29. d5 exd5 30. Rxd5 Rb6 31. Bc3 Qf7 32. f5 gxf5 33. gxf5 Kd8 34.
f6 Bf8 35. e6 Qe8 36. Rxd6+ 1-0

[Event "21ème open inter de La Réunion"]
[Site "Salle des fêtes de Bellepierre"]
[Date "2019.10.20"]
[Round "7.11"]
[White "Larmet, Nino"]
[Black "Padre, Maxime"]
[Result "1-0"]
[WhiteElo "1738"]
[BlackElo "1512"]
[PlyCount "153"]
[EventDate "2019.??.??"]

1. e4 d5 2. exd5 Nf6 3. Nf3 Nxd5 4. d4 Bg4 5. h3 Bh5 6. c4 Nb6 7. c5 N6d7 8.
Qb3 b6 9. Be2 e6 10. Bf4 Be7 11. Nc3 a6 12. Rc1 O-O 13. Ne4 b5 14. a4 Bg6 15.
Ng3 c6 16. O-O Nf6 17. axb5 axb5 18. Ra1 Nbd7 19. Nh4 Nd5 20. Nxg6 hxg6 21. Bd2
Qc7 22. Bf3 N7f6 23. Ne4 Rfd8 24. Rfe1 Nxe4 25. Bxe4 Nf6 26. Qe3 Nxe4 27. Qxe4
Bf6 28. Be3 Qd7 29. Rad1 Ra2 30. Rd2 Qd5 31. Qxd5 Rxd5 32. f4 Rd8 33. Kf2 Rda8
34. Kf3 Bd8 35. Ree2 Ra1 36. Ke4 Rf1 37. Kd3 Bc7 38. g3 Ra2 39. h4 Ba5 40. Rc2
Rf3 41. Rg2 Ra1 42. Rce2 Rff1 43. Kc2 Rf3 44. Bc1 Ra4 45. Be3 Rc4+ 46. Kd3 Rf1
47. Bd2 Bxd2 48. Rxd2 Rf3+ 49. Ke4 Rf1 50. Ke5 Ra4 51. Kd6 Ra6 52. Rd3 Rfa1 53.
Rf2 Kf8 54. Rff3 b4 55. Rb3 R1a4 56. Kd7 Kg8 57. Rf2 Ra7+ 58. Kxc6 R4a6+ 59.
Kb5 Ra5+ 60. Kc4 Ra1 61. Rxb4 Rc1+ 62. Kb3 Re1 63. Rb8+ Kh7 64. Rf3 Re4 65. Rb4
Rd7 66. Kc3 Re1 67. Kd2 Re4 68. Rd3 Ra7 69. Rc4 Ra2 70. Rb4 Ra7 71. c6 Rc7 72.
Rc4 f6 73. b4 e5 74. b5 exf4 75. gxf4 Rxf4 76. b6 Rc8 77. b7 1-0

[Event "21ème open inter de La Réunion"]
[Site "Salle des fêtes de Bellepierre"]
[Date "2019.10.20"]
[Round "7.12"]
[White "Fondrat, Johan"]
[Black "Dace, Jean Emeric"]
[Result "1-0"]
[WhiteElo "1541"]
[BlackElo "1654"]
[PlyCount "117"]
[EventDate "2019.??.??"]

1. e4 e6 2. d4 d5 3. exd5 exd5 4. Bd3 Nc6 5. Nf3 Bg4 6. c3 Qd6 7. h3 Bh5 8. O-O
O-O-O 9. Na3 h6 10. b4 g5 11. Nb5 Qd7 12. Qc2 Bg6 13. Bxg6 fxg6 14. Qxg6 Nge7
15. Qh5 Rg8 16. Qg4 Nf5 17. Be3 a6 18. Na3 Be7 19. Nc2 Rh8 20. Qh5 Rdg8 21. Ne5
Nxe5 22. dxe5 g4 23. hxg4 Ng7 24. Qh3 h5 25. gxh5 Qxh3 26. gxh3 Nf5+ 27. Kh2
Nh4 28. Ne1 Rxh5 29. f4 Rgh8 30. Bd4 Nf5 31. Rf3 Bh4 32. Rd1 Kd7 33. Ng2 Be7
34. a3 Ke6 35. Bf2 b5 36. Ne3 Nxe3 37. Rxe3 c6 38. Rg1 Rf5 39. Rg4 Rhf8 40. Bg3
Rh5 41. Rg6+ Kd7 42. e6+ Kd8 43. Kg2 Rhh8 44. h4 Rf5 45. Kh3 Rfh5 46. Rg4 Bf6
47. Rf3 Rf5 48. Rg6 Ke7 49. Kg4 Rfh5 50. f5 R5h6 51. Rxh6 Rxh6 52. h5 Rh8 53.
Bh4 Rg8+ 54. Kh3 Rg1 55. Bxf6+ Kxf6 56. Re3 Ke7 57. f6+ Ke8 58. e7 Rf1 59. Re6
1-0

[Event "21ème open inter de La Réunion"]
[Site "Salle des fêtes de Bellepierre"]
[Date "2019.10.20"]
[Round "7.14"]
[White "Ova, Roberto"]
[Black "Desire, Michael"]
[Result "0-1"]
[WhiteElo "1328"]
[BlackElo "1652"]
[PlyCount "28"]
[EventDate "2019.??.??"]

1. d4 Nf6 2. c4 e5 3. dxe5 Ng4 4. h3 Nxe5 5. e4 Bc5 6. Nf3 Qf6 7. Nc3 c6 8. Be3
Bxe3 9. fxe3 d6 10. Be2 Qg6 11. g4 Qh6 12. Qd2 Nxg4 13. O-O-O Nf2 14. Qxd6 Qxd6
0-1

[Event "21ème open inter de La Réunion"]
[Site "Salle des fêtes de Bellepierre"]
[Date "2019.10.20"]
[Round "7.15"]
[White "Folio, Pierre"]
[Black "Grondin, Marine"]
[Result "1/2-1/2"]
[WhiteElo "1246"]
[BlackElo "1478"]
[PlyCount "97"]
[EventDate "2019.??.??"]

1. e4 e6 2. d4 d5 3. exd5 exd5 4. Bd3 Bd6 5. Nf3 Nf6 6. O-O O-O 7. h3 h6 8. c3
Re8 9. Re1 Nbd7 10. Nbd2 c6 11. Re2 b6 12. Nb3 Ne4 13. Qe1 Ndf6 14. Nfd2 Bf5
15. Bxe4 Nxe4 16. Nxe4 Rxe4 17. Rxe4 Bxe4 18. Be3 Qe7 19. Rd1 Re8 20. Qd2 Qf6
21. Re1 Qg6 22. g3 Qf5 23. Kh2 Qf3 24. Rg1 Re6 25. Qd1 Rf6 26. Qxf3 Bxf3 27.
Nd2 Bh5 28. Kg2 Kf8 29. Re1 Re6 30. f4 f6 31. g4 Bf7 32. f5 Re7 33. Kf3 h5 34.
Re2 Re8 35. Bf4 Bxf4 36. Rxe8+ Kxe8 37. Kxf4 Ke7 38. Nb3 hxg4 39. hxg4 g5+ 40.
Ke3 Be8 41. Nd2 Bd7 42. c4 Bc8 43. cxd5 cxd5 44. a4 Bd7 45. b3 Bc8 46. b4 a6
47. Nb1 Kd6 48. b5 a5 49. Nc3 1/2-1/2